| 000 | 00475nam a2200193Ia 4500 | ||
|---|---|---|---|
| 005 | 20240823031605.0 | ||
| 008 | 240823s9999||||xx |||||||||||||| ||und|| | ||
| 020 | _a81-8128-218-3 | ||
| 041 | _aENGLISH | ||
| 082 | _A550 P4 | ||
| 100 | _aLouis Liboutry | ||
| 245 | 0 | _aQuantitative Geophysics and geology | |
| 250 | _a1st | ||
| 260 |
_c2004 _bSpringer International Ed |
||
| 500 | _aYES | ||
| 650 |
_aQuantitative Geophysics _bPhysics |
||
| 942 | _cBK | ||
| 999 |
_c191433 _d191433 |
||